000 00474cam a22001812 4500
001 0000000731
005 20151217155805.0
008 070216s xx 000 0 eng d
040 _aKABU
_cKABU
050 0 _aDT22
_b.D38
100 1 _aDavidson, Basil.
_@0000148975
245 1 0 _aGuide to African history.
260 _aLondon :
_bAllen and Unwin,
_c1963.
300 _a93 p.
908 _a070216
950 _@1
999 _c12444
_d12444